| 000 | 00389pam a2200145 a 4500 | ||
|---|---|---|---|
| 020 |
_a978-0-07-066718-1 _c |
||
| 041 | _h | ||
| 082 |
_a576 _bFRA/WES |
||
| 100 | _aFRAZIER,WILLAM.C./WESTHOFF, D.C. | ||
| 245 |
_aFOOD MICROBIOLOGY _hTextual Documents |
||
| 260 |
_aNEW DELHI _bTATA MCGRAW HILL PUBLISHING COMPANY LIMITED _c2008 |
||
| 300 | _a539 | ||
| 653 | _aMICROBIOLOGY | ||
| 930 | _a20908 | ||
| 999 |
_c139894 _d139894 |
||